The funding and development of the built environment (Record no. 103365)

MARC details
000 -LEADER
fixed length control field 01517cam a2200325 4500
008 - FIXED-LENGTH DATA ELEMENTS--GENERAL INFORMATION
fixed length control field 040219n2004 000 0 eng u
020 ## - INTERNATIONAL STANDARD BOOK NUMBER
International Standard Book Number 1842191829
035 ## - SYSTEM CONTROL NUMBER
System control number (Sirsi) u125209
041 ## - LANGUAGE CODE
Language code of text/sound track or separate title eng
050 ## - LIBRARY OF CONGRESS CALL NUMBER
Classification number 333.72
-- 18
100 ## - MAIN ENTRY--PERSONAL NAME
Personal name Edwards, Michael
245 #4 - TITLE STATEMENT
Title The funding and development of the built environment
Remainder of title issues for sustainable development
260 ## - PUBLICATION, DISTRIBUTION, ETC.
Place of publication, distribution, etc. London
Name of publisher, distributor, etc. RICS Foundation
Date of publication, distribution, etc. 2004
300 ## - PHYSICAL DESCRIPTION
Extent 31p.
Dimensions 30cm.
490 ## - SERIES STATEMENT
Series statement RICS Foundation Scoping Studies
520 ## - SUMMARY, ETC.
Summary, etc. This report considers whether there are new approaches to financing, development and investment that will help to develop the built environment in a more economically, socially and environmentally sustainable way. The report identifies nine broad themes that require further research, including the pivotal theme: containment - densification and land re-use. Bibliography. View a more detailed literature review at www.bartlett.ucl.ac.uk.
650 ## - SUBJECT ADDED ENTRY--TOPICAL TERM
Topical term or geographic name entry element BUILT ENVIRONMENT
650 ## - SUBJECT ADDED ENTRY--TOPICAL TERM
Topical term or geographic name entry element SUSTAINABLE DEVELOPMENT
650 ## - SUBJECT ADDED ENTRY--TOPICAL TERM
Topical term or geographic name entry element CONTAINMENT
650 ## - SUBJECT ADDED ENTRY--TOPICAL TERM
Topical term or geographic name entry element Sustainability
9 (RLIN) 6271
650 ## - SUBJECT ADDED ENTRY--TOPICAL TERM
Topical term or geographic name entry element FUNDING
690 ## - LOCAL SUBJECT ADDED ENTRY--TOPICAL TERM (OCLC, RLIN)
Topical term or geographic name as entry element DEVELOPMENT-SUSTAINABLE
700 ## - ADDED ENTRY--PERSONAL NAME
Personal name De Magalhaes, Claudio
700 ## - ADDED ENTRY--PERSONAL NAME
Personal name Karadimitriou, Nikos
700 ## - ADDED ENTRY--PERSONAL NAME
Personal name Rehman, Kahlil
710 ## - ADDED ENTRY--CORPORATE NAME
Corporate name or jurisdiction name as entry element Royal Institution of Chartered Surveyors
Subordinate unit Foundation
9 (RLIN) 4173
710 ## - ADDED ENTRY--CORPORATE NAME
Corporate name or jurisdiction name as entry element University College London Bartlett School of Planning
9 (RLIN) 4662
856 ## - ELECTRONIC LOCATION AND ACCESS
Uniform Resource Identifier <a href="https://eprints.ucl.ac.uk/5203/1/5203.pdf">https://eprints.ucl.ac.uk/5203/1/5203.pdf</a>
Public note View the report free of charge at www.ucl.ac.uk.
942 ## - ADDED ENTRY ELEMENTS (KOHA)
Suppress in OPAC 0
Holdings
Withdrawn status Lost status Source of classification or shelving scheme Damaged status Not for loan Home library Current library Shelving location Date acquired Total Checkouts Full call number Barcode Date last seen Copy number Price effective from Koha item type
    Dewey Decimal Classification     London London RICS Boxes 20/12/2004   RICS 2004/34 30067390 06/08/2019 1 06/08/2019 Archive
    Dewey Decimal Classification     Virtual Virtual Online 20/12/2004   ONLINE PUBLICATION 125209-2001 06/08/2019 1 06/08/2019 Book